| 000 | 00335nam a22001217a 4500 | ||
|---|---|---|---|
| 008 | 230607b xxu||||| |||| 00| 0 eng d | ||
| 082 |
_a954.043 _bTIM |
||
| 100 |
_cThe Times Publishing _d1962 |
||
| 245 |
_aIndia _bA Survey Compiled from the times |
||
| 260 |
_aLondon _bThe Times Publishing Coy Ltd _c1962 |
||
| 300 | _a99p | ||
| 942 |
_2ddc _cBK |
||
| 999 |
_c811 _d811 |
||